Responses for Show #7060 - Friday, May 1, 2015

Greg Seroka game 7.

Contestants

[<< previous game]

Amanda Garrett, a telecommunications technician from Greenville, South Carolina

Chris Gunter, a stay-at-home parent from Rochester, New York

Greg Seroka, a chef from Steamboat Springs, Colorado (whose 6-day cash winnings total $150,800)

[next game >>]

Jeopardy! Round responses

BOOKS BY CELEBS
TRAVELING
CARD TRICKS
TECHNOLOGY & STUFF
"OLO"
THE VOYAGE OF THE BOUNTY
(Sarah: We're taking you on [*], both before and after the infamous mutiny.)
    $200 15
Kirk Douglas

Greg
    $200 4
Four Seasons

Greg
    $200 1
a calling card

Amanda
    $200 17
Chevy

Greg
    $200 9
the colon

Chris
    $200 3
breadfruit plants

Triple Stumper
    $400 23
(Alex: Good, with less than a minute to go now.)

Jeannie

Amanda
    $400 14
Denver International Airport

Triple Stumper
    $400 2
a card catalog

Chris
    $400 24
a byte

Greg
    $400 10
a piccolo

Chris
    $400 5
Tahiti

Greg
    $600 25
Closer

Chris
    $600 11
a steamer

Greg
    $600 12
the wild card

Greg
    $600 20
(Amanda: What is polo?)

water polo

GregAmanda
    $600 6
Bligh

Greg
    $3,600 18
(Greg: What is the Heineken River?)

the Amstel River

Greg
    $800 13
cue cards

Chris
    $800 27
[The end-of-round signal sounds.]

Blu-ray

Chris
    $800 21
a gigolo

Amanda
    $800 7
Fletcher Christian

Greg
    $1000 19
Eugene Fodor

Triple Stumper
    $1000 16
your Social Security card

Amanda
    $1000 26
(Greg: What is Netfli--N--sorry.)
...
(Alex: It was trying to come out of your brain, and it didn't quite make it through your mouth.)

Netscape

Greg
Triple Stumper
    $1000 22
tremolo

Amanda
    $1000 8
(Alex: ...and I wanna thank Lindblad Expeditions for that great voyage to the South Sea with Sarah.)

Pitcairn Island

Amanda

Scores at the first commercial break (after clue 14):

Greg Chris Amanda
$3,200 $1,800 $1,200

Scores at the end of the Jeopardy! Round:

Greg Chris Amanda
$0 $3,200 $3,800

Double Jeopardy! Round responses

TV "NIGHT"
SCALY CRITTERS
RELIGION
(Alex: We want you to name the play in...)
NICE ENDING, SHAKESPEARE!
WARSAW PACT ALUMNI NATIONS
RHYME SCHOOL
(Alex: Because each correct response in that category will rhyme with the word "school".)
    $400 8
Friday Night Lights

Chris
    $400 7
(Chris: What is an alligator?)

a turtle

GregChris
    $400 21
the Shroud of Turin

Amanda
    $400 1
The Taming of the Shrew

Chris
    $400 17
Poland

Amanda
    $400 18
drool

Amanda
    $800 12
Nightline

Chris
    $800 13
the Jesuits

Chris
    $800 3
A Midsummer Night's Dream

Greg
    $800 16
Hungary

Chris
    $1200 20
Night Court

Chris
    $1200 9
the Druids

Chris
    $3,600 2
Antony and Cleopatra

Chris
    $1200 14
Czechoslovakia

Chris
    $1200 6
tulle

Amanda
    $1600 22
(Alex: With less than a minute, you are right.)

Sports Night

Greg
    $1600 27
(Chris: What is a... komodo dragon?)
[The end-of-round signal sounds.]
(Alex: It's a tiny lizard compared to the komodo.)

a frilled lizard

Chris
Triple Stumper
    $1600 10
Sikhism

Chris
    $1600 4
Much Ado About Nothing

Greg
    $1600 15
Albania

Chris
    $1600 25
a joule

Greg
    $2000 23
Night Gallery

Greg
    $4,500 26
Lepidoptera

Greg
    $2000 11
Transcendental Meditation

Greg
    $2000 5
Titus Andronicus

Amanda
    $2000 19
East Germany

Greg
    $2000 24
(George) Boole

Amanda

Scores at the end of the Double Jeopardy! Round:

Greg Chris Amanda
$16,500 $14,800 $10,200

[wagering suggestions for these scores]

Final Jeopardy! Round responses

VICE PRESIDENTS
AmandaWHO IS George H.W. Bush?
$10,100
ChrisWho is Mondale?
$5,601
GregWho is Mondale?
$13,101
Walter Mondale

Final scores:

Greg Chris Amanda
$29,601 $20,401 $100
7-day champion: $180,401 2nd place: $2,000 3rd place: $1,000

Game dynamics:

Coryat scores:

Greg Chris Amanda
$17,600 $12,400 $10,200
19 R
(including 1 DD),
2 W
(including 1 DD)
17 R
(including 1 DD),
2 W
12 R,
1 W

Combined Coryat: $40,200

[game clues] [game scores] [suggest correction]

Game tape date: Unknown
The J! Archive is created by fans, for fans. Scraping, republication, monetization, and malicious use prohibited; this site may use cookies and collect identifying information. See terms. The Jeopardy! game show and all elements thereof, including but not limited to copyright and trademark thereto, are the property of Jeopardy Productions, Inc. and are protected under law. This website is not affiliated with, sponsored by, or operated by Jeopardy Productions, Inc. Join the discussion at JBoard.tv.